000 01623cam a22003011a 4500
999 _c299
_d299
001 .b39234381
003 OCoLC
005 20190805145550.0
008 090226s2010 enka b 001 0 eng
010 _a2010920354
015 _aGBA9C2443
_2bnb
020 _a9780199562077 (pbk.)
020 _a0199562075 (pbk.)
035 _a(OCoLC)477256390
_z(OCoLC)255902890
040 _aUKM
_cUKM
_dDLC
_dBTCTA
_dYDXCP
_dBWKUK
_dBWK
_dCDX
_dBWX
_dVP@
_dORX
_dLMR
_dCOH
_dTTS
042 _anbic
050 4 _aQA95
_bS724
082 0 4 _a510 STE
_222
100 1 _aStewart, Ian,
_d1945-
_eauthor
245 1 0 _aCows in the maze /
_cIan Stewart.
260 _aOxford ;
_aNew York :
_bOxford University Press,
_c2010.
300 _axi, 306 p. :
_bill. ;
_c20 cm.
504 _aIncludes bibliographical references (p. [289]-296), webography (p. 287) and index.
505 0 _aThe lore and the lure of dice -- Pursuing polygonal privacy -- Making winning connections -- Jumping champions -- Walking with quadrupeds -- Tiling space with knots -- Forward to the future 1: Trapped in time! -- Forward to the future 2: Holes : black, white, and worm -- Forward to the future 3: Back to the past, with interest... -- Cone with a twist -- What shape is a teardrop? -- The interrogator's fallacy -- Cows in the maze -- Knight's tours on rectangles -- Cat's cradle calculus challenge -- Glass Klein bottles -- Cementing relationships -- Knotting ventured, knotting gained -- Most-perfect magic squares -- It can't be done! -- Dances with dodecahedra.
650 0 _aMathematical recreations.
650 0 _aMathematics
_vPopular works.
942 _2ddc
_cNFIC